Statistiques concernant Culture Générale - Série 438

Cliquez ici pour prendre le quiz!

Statistiques générales

  • Ce quiz a été pris 57 fois
  • Le résultat moyen est 4 sur 10

Statistiques - réponses

QuestionRéponse% Correct
Quel apôtre aurait écrit l'Apocalypse sur l'île grecque de Patmos ?Jean
74%
Quelle est la nationalité d'Ingmar Bergman, le réalisateur de "Persona" et de "Fanny et Alexandre" ?Suédoise
58%
Lequel des quatre évangélistes est représenté par un taureau ?Saint Luc
58%
Dans quelle ville provençale peut‐on admirer la fontaine des Quatre‐Dauphins sur la place du même nom ?Aix‐en‐Provence
54%
Selon l'Ancien Testament, quel prophète passe trois jours et trois nuits dans le ventre d'un animal marin ?Jonas
42%
D'après la Genèse, sur quelle montagne l'arche de Noé se serait‐elle échouée après le Déluge ?Mont Ararat
39%
Qui a vendu son droit d'aînesse pour un plat de lentilles ?Esaü
25%
Quel nom de fruit porte le renflement que les dauphins ont sur le front ?melon
23%
Quel neveu d'Abraham fuyant Sodome voit sa femme changée en colonne de sel ?Loth
11%
Quel patriarche a rêvé d'une échelle dont le sommet atteint le ciel ?Jacob
9%

Distribution des résultats

Percentile par nombre de réponses

% des personnes avec chaque résultat

Votre développement - résultats

Vous n’avez pas pris ce quiz